Lectura, ortografía y composición en la escuela primaria /
Guardado en:
| Autor Principal: | |
|---|---|
| Otros Autores: | |
| Formato: | Libro |
| Publicado: |
Argentina :
Paid¢s,
1969
|
| Series: | Bibl. del Educador Contemp.,93
|
| Materias: | |
| Etiquetas: |
Agregar Etiqueta
Sin Etiquetas, Sea el primero en etiquetar este registro!
|
| LEADER | 00745nam a22002415a 4500 | ||
|---|---|---|---|
| 001 | CEM.cems003304 | ||
| 005 | 19000101000000.0 | ||
| 008 | 130507s1969##################000#0#####d | ||
| 003 | CEMS | ||
| 082 | 0 | 4 | |a 372.4 |
| 100 | 1 | |a Horrocks, E. M. | |
| 245 | 1 | 0 | |a Lectura, ortografía y composición en la escuela primaria / |c E. M. Horrocks |
| 260 | |a Argentina : |b Paid¢s, |c 1969 | ||
| 300 | |a 190 p. | ||
| 490 | 0 | |a Bibl. del Educador Contemp.,93 | |
| 653 | |a Composicion | ||
| 653 | |a Educacion | ||
| 653 | |a Educacion primaria | ||
| 653 | |a Lectura-enseñanza | ||
| 653 | |a Ortografia | ||
| 700 | 1 | |a Sackett, G. L. | |
| 859 | |a CEMS |b BIB. CEMS - 11 de abril |h 372.4 |i H786 |p 12018.83 |t Ej.2 | ||
| 859 | |a CEMS |b BIB. CEMS - 11 de abril |h 372.4 |i H786 |p 7861.80 |t Ej.1 | ||
